000 00532nam a22001817a 4500
003 CEME
005 20210628204118.0
008 210308b xxu||||| |||| 00| 0 eng d
020 _a0-316-85024-1
040 _c.
082 _a355.02 TOF'W
100 _aToffler, Heidi , Toffler, Alvin
_968789
245 _aWar and anti-war , survival at the dawn of the 21st century
260 _aLAHORE
_bARMY EDUCATION PRESS
_c1995
300 _aXIII, 302P
650 _aMILITARY ART AND SCIENCE ECONOMICS ASPECTS
_968790
942 _cBK
_2ddc
999 _c576257
_d576257